Wirtschaftsethik : Aufbruch - Konflikte - Perspektiven / Friedhelm Hengsbach
Record details
- ISBN: 3-451-04013-1
- Physical Description: 176 s. ; 19 cm
- Edition: 2. Aufl.
- Publisher: Freiburg ; Basel ; Wien : Herder, 1993
Search for related items by subject
| Subject: | Etika hospodářská Ekonomika kapitalismus |
| Genre: | monografie |
Search for related items by series
Available copies
- 1 of 1 copy available at Common Catalog SPOK.
Holds
- 0 current holds with 1 total copy.
Show Only Available Copies
| Location | Call Number / Copy Notes | Barcode | Shelving Location | Status | Due Date |
|---|---|---|---|---|---|
| Jabok Library | ET-9.3/H | 424480036168 | Odborná literatura | Available | - |
| LDR | 00816nam a2200265ua 4500 | ||
|---|---|---|---|
| 001 | 19386 | ||
| 003 | CZ-PrJAB | ||
| 005 | 20150129104841.0 | ||
| 007 | ta | ||
| 008 | 081030s1993 gw ||| | ger | ||
| 020 | . | ‡a3-451-04013-1 ‡q(brož.) : ‡c223.0 | |
| 035 | . | ‡a(CZ PrSKC)000000804 | |
| 040 | . | ‡aCBD005 ‡bcze | |
| 080 | . | ‡a174(048.8)=30 | |
| 080 | . | ‡a17:33(048.8)=30 | |
| 080 | . | ‡a33:17(048.8)=30 | |
| 100 | 1 | . | ‡aHengsbach, Friedhelm, ‡d1937- ‡7skuk0002958 ‡4aut |
| 245 | 1 | 0. | ‡aWirtschaftsethik : ‡bAufbruch - Konflikte - Perspektiven / ‡cFriedhelm Hengsbach |
| 250 | . | ‡a2. Aufl. | |
| 260 | . | ‡aFreiburg ; Basel ; Wien : ‡bHerder, ‡c1993 | |
| 300 | . | ‡a176 s. ; ‡c19 cm | |
| 490 | 1 | . | ‡aHerder-Spektrum ; ‡v4013 |
| 650 | 4. | ‡aEtika hospodářská | |
| 650 | 0 | 4. | ‡aEkonomika |
| 650 | 0 | 7. | ‡akapitalismus ‡7ph121442 ‡2czenas |
| 655 | 7. | ‡amonografie ‡7fd132842 ‡2czenas | |
| 830 | 0. | ‡aHerder-Spektrum ; ‡v4013 | |
| 910 | . | ‡aABG312 | |
| 901 | . | ‡a19386 ‡b ‡c19386 ‡tbiblio | |